| 000 | 01245nam a22002417a 4500 | ||
|---|---|---|---|
| 001 | 9578 | ||
| 003 | FISKH | ||
| 005 | 20260123154434.0 | ||
| 008 | 260123b cb ||||| |||| 00| 0 eng d | ||
| 020 | _a9781335005984 | ||
| 040 |
_aFISKH _beng _cFISKH _dFISKH |
||
| 050 | _aPZ7 .L5237 | ||
| 082 | _a823 | ||
| 100 |
_aLiang, Ann _eAuthor |
||
| 245 |
_aIf you could see the sun / _cAnn Liang |
||
| 260 |
_aToronto : _bInkyard Press , _c2022 |
||
| 300 |
_a314 pages : _c21 cm |
||
| 520 | _aAlice Sun has always felt invisible at her elite Beijing international boarding school, where she's the only scholarship student among China's most rich and influential teens. But then she starts uncontrollably turning invisible-actually invisible. When her parents drop the news that they can no longer afford her tuition, even with the scholarship, Alice hatches a plan to monetize her strange new power-she'll discover the scandalous secrets her classmates want to know, for a price. But as the tasks escalate from petty scandals to actual crimes, Alice must decide if it's worth losing her conscience-or even her life. | ||
| 650 |
_aBoarding school _vInternational |
||
| 650 |
_aInvisible _vStrange new power _x |
||
| 942 |
_2ddc _cBK _n0 |
||
| 999 |
_c9578 _d9578 |
||